Clinical pharmacology advances and applications.

Detalles Bibliográficos
Formato: Electrónico Revista
Lenguaje:inglés
Publicado: [Auckland, NZ] : Dove Medical Press
Materias:
Acceso en línea:Full text available from Research Library: 01/01/2009 to present

MARC

LEADER 00000nas a2200000 a 4500
001 ssj0000500986
003 WaSeSS
005 20200512172242.0
006 m d
007 cr n
008 100304c20099999nz uu p s 0 a0eng c
010 |a  2011243703 
016 7 |a 2520726-X  |2 DE-600 
016 7 |a 101564865  |2 DNLM 
022 |a 1179-1438  |l 1179-1438 
035 |a (WaSeSS)ssj0000500986 
040 |a FQM  |b eng  |c FQM  |d NZWTU  |d HEBIS  |d OCLCQ  |d TFW  |d NTE  |d NLM  |d OCLCQ  |d OCLCF  |d CUS  |d EUW  |d OCLCQ  |d WaSeSS 
042 |a pcc 
050 4 |a RM301.28 
060 1 0 |a W1 
082 0 4 |a 615.580724  |2 22 
210 1 |a Clin pharmacol adv appl  |b (Online) 
222 0 |a Clinical pharmacology: advances and applications  |b (Online) 
245 0 0 |a Clinical pharmacology  |h [electronic resource] :  |b advances and applications. 
260 |a [Auckland, NZ] :  |b Dove Medical Press 
362 1 |a Began with vol. 1 (2009). 
506 |a License restrictions may limit access. 
515 |a Articles are added as received during the year. 
588 |a Description based on: Vol. 1 (2009); title from journal home page (Publisher's Web site, viewed Mar. 3, 2010). 
588 |a Latest issue consulted: 2011:3 (viewed Sept. 23, 2011). 
650 0 |a Clinical pharmacology  |v Periodicals. 
650 1 2 |a Pharmacology, Clinical. 
650 2 2 |a Pharmacology. 
650 7 |a Clinical pharmacology.  |2 fast  |0 (OCoLC)fst00864398 
655 0 |a Electronic journals. 
856 4 0 |z Full text available from Research Library: 01/01/2009 to present  |u https://search.proquest.com/publication/3933181